Normal view
MARC view
Entry Topical Term
001 - CONTROL NUMBER
- control field: 29959
003 - CONTROL NUMBER IDENTIFIER
- control field: ARRUPE
005 - DATE AND TIME OF LATEST TRANSACTION
- control field: 20170427155453.0
008 - FIXED-LENGTH DATA ELEMENTS
- fixed length control field: 170427|| aca||aabn | a|a d
040 ## - CATALOGING SOURCE
- Original cataloging agency: ARRUPE
- Transcribing agency: ARRUPE
150 ## - HEADING--TOPICAL TERM
- Topical term or geographic name as entry element: Zimbabwe
- General subdivision: Chimurenga war
670 ## - SOURCE DATA FOUND
- Source citation: Work cat.: (ARRUPE)26604: Nyagumbo, Maurice 29957, With the people, 1980